Franklin's school play / (Record no. 9990)

MARC details
000 -LEADER
fixed length control field 01110nam a22003137a 4500
001 - CONTROL NUMBER
control field 9990
003 - CONTROL NUMBER IDENTIFIER
control field FISKH
005 - DATE AND TIME OF LATEST TRANSACTION
control field 20260324145946.0
008 - FIXED-LENGTH DATA ELEMENTS--GENERAL INFORMATION
fixed length control field 260324b cb ||||| |||| 00| 0 eng d
020 ## - INTERNATIONAL STANDARD BOOK NUMBER
International Standard Book Number 9780590693318
040 ## - CATALOGING SOURCE
Original cataloging agency FISKH
Language of cataloging eng
Transcribing agency FISKH
Modifying agency FISKH
050 ## - LIBRARY OF CONGRESS CALL NUMBER
Classification number PZ7 .B6654 .F
082 ## - DEWEY DECIMAL CLASSIFICATION NUMBER
Classification number 813.54
100 ## - MAIN ENTRY--PERSONAL NAME
Personal name Bourgeios , Paulette
245 ## - TITLE STATEMENT
Title Franklin's school play /
Statement of responsibility, etc. By Paulette Bourgeios : Illustrated by Brenda Clark
250 ## - EDITION STATEMENT
Edition statement First Scholastic printing , November 1996
260 ## - PUBLICATION, DISTRIBUTION, ETC.
Place of publication, distribution, etc. New York :
Name of publisher, distributor, etc. Scholastic ,
Date of publication, distribution, etc. 1996 .
300 ## - PHYSICAL DESCRIPTION
Extent 32​​ unnumbered pages :
Other physical details color illustrations ;
Dimensions 23 cm .
490 ## - SERIES STATEMENT
Series statement Franklin the Turtle
Volume/sequential designation 14
505 ## - FORMATTED CONTENTS NOTE
Formatted contents note K <br/>
520 ## - SUMMARY, ETC.
Summary, etc. In this Franklin Classic Storybook, Franklin has been chosen to play the Nutcracker Prince in his class's production. But will he be too nervous to say his lines when the big night arrives?
521 8# - TARGET AUDIENCE NOTE
Target audience note 550 <br/>
Source Lexile <br/>
521 8# - TARGET AUDIENCE NOTE
Target audience note K <br/>
Source Raz-Plus <br/>
650 ## - SUBJECT ADDED ENTRY--TOPICAL TERM
Topical term or geographic name entry element School
Form subdivision Fiction
650 ## - SUBJECT ADDED ENTRY--TOPICAL TERM
Topical term or geographic name entry element Acting
Form subdivision Fiction
700 ## - ADDED ENTRY--PERSONAL NAME
Personal name Clark , Brenda
Relator term Illustrator
942 ## - ADDED ENTRY ELEMENTS (KOHA)
Source of classification or shelving scheme Dewey Decimal Classification
Koha item type Books
Suppress in OPAC No
Holdings
Withdrawn status Lost status Source of classification or shelving scheme Damaged status Not for loan Collection Home library Current library Shelving location Date acquired Total Checkouts Full call number Barcode Date last seen Price effective from Koha item type
    Dewey Decimal Classification     Juvenile Fiction Footprints International School Library Network Toul Tom Poung Campus Footprints International School Library Network Toul Tom Poung Campus TTP Primary Yellow Bookshelves 03/24/2026   BOU 813.54 PZ7 .B6654 .F FIS02554 03/24/2026 03/24/2026 Books